[Event "SVK-ch U18/20"]
[Site "Tatralandia"]
[Date "2025.05.14"]
[Round "5"]
[White "Osvald, Jakub"]
[Black "Lanza, Matej"]
[Result "0-1"]
[WhiteElo "1659"]
[BlackElo "1540"]
[PlyCount "64"]
[EventDate "2025.05.11"]
[EventType "swiss"]
[EventRounds "9"]
[EventCountry "SVK"]
[SourceTitle "CB21_2025"]
[SourceDate "2025.05.21"]
[SourceVersion "1"]
[SourceVersionDate "2025.05.21"]
[SourceQuality "1"]

1. d4 d5 2. c4 c6 3. Nf3 Nf6 4. Nc3 dxc4 5. a4 Bf5 6. e3 e6 7. Bxc4 Be7 8. Qe2 Nbd7 9. 0-0 0-0 10. e4 Bg4 11. Rd1 Nb6 12. Ba2 Qc7 13. Bg5 Rad8 14. Rac1 Rfe8 15. h3 Bxf3 16. Qxf3 Rd7 17. a5 Nc8 18. e5 Nd5 19. Nxd5 exd5 20. Bd2 a6 21. Bxd5 Bd8 22. e6 Rxd5 23. Qxd5 cxd5 24. Rxc7 Bxc7 25. Rc1 Bd6 26. exf7+ Kxf7 27. Kf1 Na7 28. Rc3 Re6 29. Bg5 Ke8 30. Rb3 Nb5 31. Rf3 Bb4 32. Bf4 Re1# 0-1

[Event "SVK-ch U18/20"]
[Site "Tatralandia"]
[Date "2025.05.12"]
[Round "2"]
[White "Loffay, Pavol"]
[Black "Lanza, Matej"]
[Result "1-0"]
[WhiteElo "2000"]
[BlackElo "1540"]
[PlyCount "91"]
[EventDate "2025.05.11"]
[EventType "swiss"]
[EventRounds "9"]
[EventCountry "SVK"]
[SourceTitle "CB21_2025"]
[SourceDate "2025.05.21"]
[SourceVersion "1"]
[SourceVersionDate "2025.05.21"]
[SourceQuality "1"]

1. Nf3 d5 2. d4 Nf6 3. c4 dxc4 4. Nc3 e6 5. Bg5 Be7 6. e4 b6 7. Bxc4 Bb7 8. Qc2 0-0 9. 0-0 Nc6 10. Rad1 Nd7 11. Bf4 Bd6 12. e5 Be7 13. a3 Na5 14. Bd3 g6 15. b4 Bxf3 16. gxf3 Bg5 17. Bg3 Nb7 18. Be4 Rb8 19. d5 exd5 20. Nxd5 Rc8 21. Qc6 Rb8 22. Nf6+ Bxf6 23. exf6 Qxf6 24. Rxd7 Qxc6 25. Bxc6 Rfd8 26. Rxd8+ Nxd8 27. Bxc7 Rc8 28. Bxd8 Rxc6 29. Rd1 Kg7 30. Kg2 Rc3 31. a4 Rc4 32. Rd7 Rxb4 33. Rxa7 Rb3 34. Ra6 b5 35. Bf6+ Kh6 36. axb5 Rxb5 37. Ra7 Rf5 38. Rxf7 Rxf6 39. Rxf6 Kg5 40. Rf7 h6 41. f4+ Kh4 42. Rf6 h5 43. Kf3 Kh3 44. Rxg6 h4 45. Rh6 Kxh2 46. Rxh4+ 1-0

[Event "SVK-ch U18/20"]
[Site "Tatralandia"]
[Date "2025.05.11"]
[Round "1"]
[White "Lanza, Matej"]
[Black "Koska, Jiri"]
[Result "1/2-1/2"]
[WhiteElo "1540"]
[BlackElo "1923"]
[PlyCount "57"]
[EventDate "2025.05.11"]
[EventType "swiss"]
[EventRounds "9"]
[EventCountry "SVK"]
[SourceTitle "CB21_2025"]
[SourceDate "2025.05.21"]
[SourceVersion "1"]
[SourceVersionDate "2025.05.21"]
[SourceQuality "1"]

1. d4 Nf6 2. Nf3 g6 3. Bf4 b6 4. e3 Bb7 5. Be2 Bg7 6. 0-0 d6 7. Nc3 Nbd7 8. h3 0-0 9. Bh2 Ne4 10. Nxe4 Bxe4 11. Nd2 Bb7 12. Bf3 Bxf3 13. Qxf3 e5 14. c3 Qe7 15. Rfe1 Rfe8 16. dxe5 dxe5 17. e4 Rad8 18. Rad1 Nc5 19. Nc4 f6 20. Qe3 Ne6 21. f3 Rd7 22. Rxd7 Qxd7 23. Qd2 Qxd2 24. Nxd2 Nc5 25. Nc4 Rd8 26. Kf1 b5 27. Ne3 c6 28. Rd1 Rxd1+ 29. Nxd1 1/2-1/2

[Event "SVK-ch U2300"]
[Site "Liptovsky Jan"]
[Date "2024.06.17"]
[Round "5"]
[White "Lanza, Matej"]
[Black "Kostic, Ivan1"]
[Result "1/2-1/2"]
[WhiteElo "1581"]
[BlackElo "1701"]
[PlyCount "188"]
[EventDate "2024.06.15"]
[EventType "swiss"]
[EventRounds "8"]
[EventCountry "SVK"]
[SourceTitle "CBM 220 Extra"]
[Source "ChessBase"]
[SourceDate "2024.07.31"]
[SourceVersion "1"]
[SourceVersionDate "2024.07.31"]
[SourceQuality "1"]

1. d4 d5 2. Nf3 Nc6 3. Bf4 e6 4. e3 Nf6 5. Bb5 Bd7 6. 0-0 a6 7. Ba4 b5 8. Bb3 Na5 9. c3 Nxb3 10. Qxb3 c5 11. Nbd2 c4 12. Qc2 g6 13. Ne5 Bc8 14. Bg5 Bb7 15. Rfe1 h6 16. Bxf6 Qxf6 17. Qd1 Bg7 18. Qf3 Qe7 19. Qg3 0-0 20. f4 Kh7 21. Re2 Rg8 22. Qh3 f6 23. Nef3 Rae8 24. Kh1 Bc8 25. Qg3 e5 26. fxe5 fxe5 27. Rae1 exd4 28. exd4 Qxe2 29. Rxe2 Rxe2 30. h3 Rge8 31. Qd6 Bb7 32. Kg1 R2e6 33. Qg3 g5 34. Qg4 Kh8 35. h4 gxh4 36. Qxh4 Kg8 37. Qg3 R8e7 38. Kf1 Kh7 39. Nh4 Rf7+ 40. Kg1 Bc6 41. a3 Be8 42. Nhf3 Rfe7 43. Kf1 Bg6 44. Qh3 Kg8 45. Kg1 Be4 46. Nxe4 Rxe4 47. Qg3 Kh7 48. Qh3 Kg8 49. Qg3 Kf7 50. Ne5+ Bxe5 51. dxe5 R7xe5 52. Qf2+ Kg6 53. Kf1 h5 54. Qg3+ Kh6 55. Qf2 Re6 56. Qf8+ Kg5 57. Qg8+ Kf6 58. Qd8+ Kf5 59. Qxd5+ R4e5 60. Qf3+ Kg6 61. Qg3+ Kf7 62. Qh4 Rf6+ 63. Kg1 Kg6 64. Qg3+ Kf5 65. Qh3+ Kg6 66. Qg3+ Rg5 67. Qe3 Kh6 68. Qe4 Rg4 69. Qe3+ Rg5 70. Qe4 Rd6 71. Qe1 Rgd5 72. Qe3+ Kg7 73. Qe7+ Kg6 74. Qe4+ Kf6 75. Qf3+ Ke7 76. Qe2+ Kd7 77. Kh2 Kc7 78. Qe7+ Rd7 79. Qe2 Kb6 80. Qe3+ Kb7 81. Qf3 a5 82. Qe4 Ka6 83. Qe6+ Kb7 84. Qe4 Kc6 85. Qe6+ R7d6 86. Qe8+ Kb7 87. Qe7+ Rd7 88. Qe4 a4 89. Kh3 Ka6 90. Qe6+ R5d6 91. Qe2 Rh7 92. Kh2 h4 93. Qg4 Rdd7 94. Qe6+ Ka5 1/2-1/2

[Event "SVK-ch U2300"]
[Site "Liptovsky Jan"]
[Date "2024.06.15"]
[Round "2"]
[White "Artola Pola, Gerardo"]
[Black "Lanza, Matej"]
[Result "1/2-1/2"]
[WhiteElo "1992"]
[BlackElo "1581"]
[PlyCount "56"]
[EventDate "2024.06.15"]
[EventType "swiss"]
[EventRounds "8"]
[EventCountry "SVK"]
[SourceTitle "CBM 220 Extra"]
[Source "ChessBase"]
[SourceDate "2024.07.31"]
[SourceVersion "1"]
[SourceVersionDate "2024.07.31"]
[SourceQuality "1"]

1. e4 e5 2. Nf3 Nc6 3. Bb5 Nf6 4. d3 Bc5 5. c3 0-0 6. 0-0 Re8 7. Re1 d6 8. Nbd2 Bd7 9. b4 Bb6 10. Nc4 Ne7 11. Bxd7 Qxd7 12. a4 c6 13. Nxb6 axb6 14. Be3 c5 15. h3 Nc6 16. Qd2 Ra7 17. b5 Ne7 18. Qc2 Rc8 19. Qb3 Qe6 20. Qxe6 fxe6 21. Ng5 h6 22. Nf3 Rca8 23. Red1 Rxa4 24. Rxa4 Rxa4 25. g4 Nh7 26. Kg2 Kf7 27. Kg3 Ra5 28. c4 Kf6 1/2-1/2

[Event "SVK-ch U16"]
[Site "Dudince"]
[Date "2023.04.23"]
[Round "9"]
[White "Lanza, Matej"]
[Black "Visvader, Kristof"]
[Result "1/2-1/2"]
[WhiteElo "1264"]
[BlackElo "1614"]
[PlyCount "88"]
[EventDate "2023.04.16"]
[EventType "swiss"]
[EventRounds "9"]
[EventCountry "SVK"]
[SourceTitle "CBM 213 Extra"]
[Source "ChessBase"]
[SourceDate "2023.05.31"]
[SourceVersion "1"]
[SourceVersionDate "2023.05.31"]
[SourceQuality "1"]

1. d4 d5 2. Nf3 Nf6 3. Bf4 e6 4. e3 Bd6 5. g3 h6 6. Bxd6 Qxd6 7. c3 Nbd7 8. Bg2 b6 9. 0-0 Ba6 10. Re1 0-0-0 11. Nbd2 Rdg8 12. e4 dxe4 13. Nxe4 Nxe4 14. Rxe4 g5 15. Qe1 Nf6 16. Re3 Ng4 17. Re4 Bd3 18. Rxg4 f5 19. Ne5 Ba6 20. Rxg5 hxg5 21. Nf7 Qe7 22. Nxh8 Rxh8 23. Bf1 Bb7 24. Bg2 Bxg2 25. Kxg2 Kd7 26. Qe5 Qh7 27. Rh1 f4 28. Qxg5 Qh3+ 29. Kf3 fxg3 30. Qxg3 Qf5+ 31. Ke2 Rh3 32. Qg7+ Kc6 33. Qe5 Qf3+ 34. Kd2 Qxf2+ 35. Qe2 Qf4+ 36. Kd1 Kd5 37. Qg2+ Qf3+ 38. Qxf3+ Rxf3 39. Kc2 Rh3 40. Kb3 c5 41. dxc5 Kxc5 42. Re1 Kd5 43. Re2 e5 44. Kc2 b5 1/2-1/2

[Event "SVK-chT5 SE-SI 1920"]
[Site "Slovakia"]
[Date "2019.10.19"]
[Round "1.4"]
[White "Lanza, Matej"]
[Black "Kaufmanova, Karin"]
[Result "1-0"]
[WhiteElo "1157"]
[BlackElo "1134"]
[PlyCount "119"]
[EventDate "2019.10.19"]
[EventType "team-tourn"]
[EventRounds "14"]
[EventCountry "SVK"]
[SourceTitle "CBM 193 Extra"]
[Source "ChessBase"]
[SourceDate "2020.01.31"]
[SourceVersion "1"]
[SourceVersionDate "2020.01.31"]
[SourceQuality "1"]
[WhiteTeam "Gbely Nafta IV"]
[BlackTeam "Senica CVC III"]
[WhiteTeamCountry "SVK"]
[BlackTeamCountry "SVK"]

1. d4 d5 2. Nf3 Nc6 3. Nc3 Nf6 4. h3 Bf5 5. a3 e6 6. Bf4 Bd6 7. Bxd6 Qxd6 8. e3 Ne4 9. Nxe4 Bxe4 10. Bd3 Bxd3 11. Qxd3 e5 12. dxe5 Nxe5 13. Nxe5 Qxe5 14. Qb5+ c6 15. Qxb7 0-0 16. Qxc6 Qxb2 17. 0-0 d4 18. exd4 Qxd4 19. Rad1 Qb2 20. Qd6 Qxc2 21. Rd2 Qg6 22. Rfd1 Qf6 23. Qd7 h6 24. Qd6 Qxd6 25. Rxd6 Rac8 26. a4 a5 27. R6d5 Ra8 28. f4 f5 29. Kh2 Kh7 30. h4 h5 31. Rd6 Rab8 32. R1d5 Ra8 33. Kh3 Rf6 34. Rxf6 gxf6 35. Rxf5 Kg6 36. g4 hxg4+ 37. Kxg4 Ra6 38. Rd5 Kh6 39. Rh5+ Kg6 40. Rf5 Kh6 41. Rd5 Kg6 42. h5+ Kh6 43. Kh4 Re6 44. Rxa5 Re1 45. Ra6 Rh1+ 46. Kg4 Rxh5 47. Rxf6+ Kg7 48. Kxh5 Kxf6 49. a5 Kf5 50. a6 Kxf4 51. a7 Ke4 52. a8Q+ Kd4 53. Qa5 Kc4 54. Kg5 Kd4 55. Kf5 Kc4 56. Ke5 Kb3 57. Kd4 Kb2 58. Qb4+ Ka1 59. Kc3 Ka2 60. Qb2# 1-0

[Event "SVK-chT5 1718"]
[Site "Slovakia"]
[Date "2017.11.04"]
[Round "2"]
[White "Durec, Martin"]
[Black "Lanza, Matej"]
[Result "1-0"]
[WhiteElo "1156"]
[BlackElo "1228"]
[PlyCount "75"]
[EventDate "2017.10.21"]
[EventType "team-tourn"]
[EventRounds "9"]
[EventCountry "SVK"]
[SourceTitle "EXT 2019"]
[Source "ChessBase"]
[SourceDate "2018.10.10"]
[SourceVersion "1"]
[SourceVersionDate "2018.10.10"]
[SourceQuality "1"]
[WhiteTeam "Myjava Spartak"]
[BlackTeam "Gbely Nafta IV"]
[WhiteTeamCountry "SVK"]
[BlackTeamCountry "SVK"]

1. e4 e5 2. Nf3 Nc6 3. Bc4 Nf6 4. d3 d6 5. 0-0 Be7 6. h3 0-0 7. Nc3 h6 8. d4 Na5 9. Be2 Be6 10. d5 Bd7 11. b4 c6 12. bxa5 Qxa5 13. dxc6 Qxc3 14. cxb7 Qxa1 15. bxa8Q Rxa8 16. Bc4 Qc3 17. Bb3 Nxe4 18. Qd5 Bc6 19. Qxf7+ Kh8 20. Qxe7 Re8 21. Qxa7 Qc5 22. Qxc5 Nxc5 23. Rd1 Rd8 24. Nxe5 Be8 25. Bf7 Ba4 26. Bg6 Rf8 27. Rxd6 Nb7 28. Rb6 Na5 29. Ra6 Kg8 30. Rxa5 Be8 31. Ra8 Bxg6 32. Rxf8+ Kxf8 33. Nxg6+ Kf7 34. Ne5+ Kf6 35. f4 g5 36. fxg5+ hxg5 37. Nf3 Kf5 38. Bxg5 1-0

[Event "SVK-chT5 1718"]
[Site "Slovakia"]
[Date "2017.10.21"]
[Round "1"]
[White "Budinsky, Juraj"]
[Black "Lanza, Matej"]
[Result "0-1"]
[WhiteElo "1000"]
[BlackElo "1228"]
[PlyCount "68"]
[EventDate "2017.10.21"]
[EventType "team-tourn"]
[EventRounds "9"]
[EventCountry "SVK"]
[SourceTitle "EXT 2019"]
[Source "ChessBase"]
[SourceDate "2018.10.10"]
[SourceVersion "1"]
[SourceVersionDate "2018.10.10"]
[SourceQuality "1"]
[WhiteTeam "Skalica IV"]
[BlackTeam "Gbely Nafta IV"]
[WhiteTeamCountry "SVK"]
[BlackTeamCountry "SVK"]

1. e4 e5 2. Nf3 Nc6 3. Nc3 Nf6 4. Bb5 d6 5. d3 Be6 6. Bg5 Be7 7. h3 Qd7 8. 0-0 0-0 9. Qd2 h6 10. Bh4 a6 11. Ba4 Rab8 12. b4 Nh5 13. Bxe7 Qxe7 14. Nd5 Qe8 15. Nxc7 Qd7 16. Nxe6 Qxe6 17. Qc3 Nf4 18. g3 Qxh3 19. gxf4 Qxf3 20. fxe5 dxe5 21. Bxc6 bxc6 22. Qxc6 Rbc8 23. Qxa6 Rxc2 24. Qb5 Re2 25. d4 Rxe4 26. Qxe5 Rg4+ 27. Qg3 Rxg3+ 28. fxg3 Qxg3+ 29. Kh1 Rd8 30. Rab1 Rd5 31. Rb3 Qh4+ 32. Kg2 Qe4+ 33. Kg3 Rg5+ 34. Kf2 Rg2# 0-1

[Event "SVK-chT5 SE-SI 1617"]
[Site "Slovakia"]
[Date "2017.01.21"]
[Round "5.4"]
[White "Mraz, Jan"]
[Black "Lanza, Matej"]
[Result "1-0"]
[WhiteElo "1577"]
[BlackElo "1000"]
[PlyCount "109"]
[EventDate "2016.10.15"]
[EventType "team-tourn"]
[EventRounds "9"]
[EventCountry "SVK"]
[SourceTitle "EXT 2018"]
[Source "ChessBase"]
[SourceDate "2017.10.13"]
[SourceVersion "1"]
[SourceVersionDate "2017.10.13"]
[SourceQuality "1"]
[WhiteTeam "Gbely Nafta IV"]
[BlackTeam "Gbely Nafta V"]
[WhiteTeamCountry "SVK"]
[BlackTeamCountry "SVK"]

1. d4 d5 2. c4 Nf6 3. Nc3 dxc4 4. e3 Bg4 5. f3 Be6 6. Qa4+ Bd7 7. Qxc4 Be6 8. Qb4 Nc6 9. Bb5 a6 10. Bxc6+ bxc6 11. Qa4 Bd7 12. Qc2 e6 13. Bd2 Nd5 14. Nge2 Bb4 15. 0-0 0-0 16. Nxd5 Bxd2 17. Qxd2 cxd5 18. Rfc1 Bb5 19. Nf4 h6 20. Rc5 Bc4 21. b3 e5 22. dxe5 Bb5 23. Rxd5 Qe7 24. Rd1 Bc6 25. Ra5 Rad8 26. Qc2 Rd7 27. Rxd7 Bxd7 28. h3 Bc6 29. Qxc6 Rd8 30. Rd5 Qe8 31. Qxc7 Rxd5 32. Nxd5 Qa8 33. Ne7+ Kf8 34. Qc8+ Qxc8 35. Nxc8 Ke8 36. Nd6+ Ke7 37. Kf2 Ke6 38. f4 g5 39. b4 gxf4 40. exf4 f6 41. Nc4 fxe5 42. fxe5 Kd5 43. Ke3 Kxc4 44. e6 Kd5 45. e7 Kd6 46. e8Q Kd5 47. Qe4+ Kd6 48. Qf5 Kc6 49. Kd4 Kb6 50. Qc5+ Kb7 51. Qd6 Kc8 52. Qe7 Kb8 53. Kd5 Kc8 54. Kc6 Kb8 55. Qb7# 1-0

[Event "SVK-chT5 SE-SI 1617"]
[Site "Slovakia"]
[Date "2016.11.12"]
[Round "2.5"]
[White "Lanza, Matej"]
[Black "Matula, Vojtech"]
[Result "0-1"]
[WhiteElo "1000"]
[BlackElo "1000"]
[PlyCount "88"]
[EventDate "2016.10.15"]
[EventType "team-tourn"]
[EventRounds "9"]
[EventCountry "SVK"]
[SourceTitle "CBM 175 Extra"]
[Source "ChessBase"]
[SourceDate "2016.12.12"]
[SourceVersion "1"]
[SourceVersionDate "2016.12.12"]
[SourceQuality "1"]
[WhiteTeam "Gbely Nafta V"]
[BlackTeam "Holic III"]
[WhiteTeamCountry "SVK"]
[BlackTeamCountry "SVK"]

1. d4 d5 2. Nc3 Nc6 3. Nf3 Bf5 4. e3 e5 5. Bd2 Nb4 6. Be2 Nxc2+ 7. Kf1 Nf6 8. Rc1 Nb4 9. Bb5+ c6 10. Be2 Bd6 11. Nb5 a6 12. Nxd6+ Qxd6 13. Bxb4 Qxb4 14. Bd3 e4 15. Nh4 Be6 16. Be2 0-0 17. f3 Qxb2 18. fxe4 Nxe4 19. Bf3 Nd2+ 20. Kg1 Qxa2 21. Qe2 Qb2 22. Rd1 Qc2 23. Rxd2 Qb1+ 24. Rd1 Qb3 25. Qf1 Qxe3+ 26. Qf2 Qb3 27. Be2 Qc2 28. Nf3 a5 29. Ne1 Qb3 30. Rd3 Qb1 31. Re3 Bd7 32. Bd3 Qc1 33. Qh4 Qxe3+ 34. Kf1 h6 35. g3 a4 36. Bc2 a3 37. Ng2 Qc1+ 38. Ne1 a2 39. Bh7+ Kxh7 40. Kg2 Qd2+ 41. Kg1 a1Q 42. Qh3 Qaxe1+ 43. Qf1 Ra1 44. Qxe1 Rxe1# 0-1